Lectura de imagenes /

Guardado en:
Autor Principal: Aparici Marino, Roberto
Otros Autores: García Matilla, Agustín
Formato: Libro
Publicado: Madrid : De La Torre, 1998
Edición:3a. ed.
Series:Proyecto Didáctico Quirón. Ciencias aplicadas y tecnología
Materias:
Etiquetas: Agregar Etiqueta
Sin Etiquetas, Sea el primero en etiquetar este registro!
LEADER 01033nam a22002775a 4500
001 CEM.cems009898
005 20080702121428.0
008 130507s1998##################000#0#####d
003 CEMS
020 |a 8479602236 
082 0 4 |a 371.33 
100 1 |a Aparici Marino, Roberto 
245 1 0 |a Lectura de imagenes /  |c Roberto Aparici Marino, Agustín García Matilla 
250 |a 3a. ed. 
260 |a Madrid :  |b De La Torre,  |c 1998 
300 |a 120 p. 
490 0 |a Proyecto Didáctico Quirón. Ciencias aplicadas y tecnología 
500 |a Red Federal de Formación Docente Continua 
505 0 |a Alfabetización audiovisual y enseñanza -- Cómo vemos las imagenes? -- La comunicación -- La ilusión de lo real -- Elementos básicos de la imagen -- Lectura de una imagen fija 
653 |a Educación 
653 |a Comunicación visual 
653 |a Imagen 
653 |a Imagen-lectura 
653 |a Medios audiovisuales 
700 1 |a García Matilla, Agustín 
859 |a CEMS  |b BIB. CEMS - 11 de abril  |h 371.33  |i Ap12-1a3  |p 20201.99  |t Ej.1